| 000 | 00835cam a2200217 4500 | ||
|---|---|---|---|
| 001 | 1720524 | ||
| 005 | 20180813085241.0 | ||
| 008 | 720915s1972 mdua b 001 0 eng | ||
| 010 | _a 72219389 | ||
| 040 |
_aDLC _cDLC _dDLC |
||
| 041 | _aeng | ||
| 080 | _a618.17 SIM | ||
| 082 | 0 | 0 | _a618.17 SIM |
| 100 | 1 | _a10 | |
| 101 | _aGJIN | ||
| 245 | 0 | 0 |
_aSpecial article: Diagnostic procedures and methods in the assessment of female pelvic organs, _c[by] M. C. Parekh and G. H. Arronet. Genetics for the obstetrician-gynecologist; guest editors: Joe Leigh Simpson and Arthur C. Christakos. |
| 504 | _aIncludes bibliographies. | ||
| 740 | _aDiagnostic procedures and methods in the assessment of female pelvic organs. | ||
| 906 |
_a7 _bcbc _corignew _d2 _encip _f19 _gy-gencatlg |
||
| 942 |
_2ddc _cBK |
||
| 999 |
_c47063 _d47063 |
||